Concentrate: Business Law / (Record no. 9728)

MARC details
000 -LEADER
fixed length control field 01115nam a22001937a 4500
005 - DATE AND TIME OF LATEST TRANSACTION
control field 20230619103825.0
008 - FIXED-LENGTH DATA ELEMENTS--GENERAL INFORMATION
fixed length control field 230619b ||||| |||| 00| 0 eng d
020 ## - INTERNATIONAL STANDARD BOOK NUMBER
International Standard Book Number 9780198759126
050 ## - LIBRARY OF CONGRESS CALL NUMBER
Classification number KD1629.6.M37(3e)
100 ## - MAIN ENTRY--PERSONAL NAME
9 (RLIN) Marson, James.
245 ## - TITLE STATEMENT
Title Concentrate: Business Law /
Statement of responsibility, etc. James Marson & Katy Ferris.
250 ## - EDITION STATEMENT
Edition statement 3rd ed.
260 ## - PUBLICATION, DISTRIBUTION, ETC.
Place of publication, distribution, etc. New York:
Name of publisher, distributor, etc. Oxford University Press,
Date of publication, distribution, etc. 2016.
300 ## - PHYSICAL DESCRIPTION
Extent xvii, 182p.:
Dimensions 23 cm.
500 ## - GENERAL NOTE
General note Includes index.
505 ## - FORMATTED CONTENTS NOTE
Formatted contents note Contents: The English legal system -- Contract I: essential features of a contract -- Contract II: mistake, misrepresentation duress, and undue influence -- Contract III: contractual terms and statutory protection -- Contract IV: discharge of contract and remedies for breach -- Law of torts -- Employment I: employment status, equal pay, and equality -- Employment II: termination - wrongful dismissal, unfair dismissal and redundancy -- Company law I: trading structures and forming the business -- Company law II: directors, agency, finance, and capital -- Intellectual property.
700 ## - ADDED ENTRY--PERSONAL NAME
Personal name Ferris, Katy.
9 (RLIN) 1693
942 ## - ADDED ENTRY ELEMENTS (KOHA)
Source of classification or shelving scheme Library of Congress Classification
Koha item type Books
Holdings
Withdrawn status Lost status Source of classification or shelving scheme Damaged status Not for loan Home library Current library Shelving location Date acquired Full call number Barcode Date last seen Copy number Price effective from Koha item type
    Library of Congress Classification     WISCONSIN INTERNATIONAL UNIVERSITY COLLEGE, GHANA - MAIN LIBRARY WISCONSIN INTERNATIONAL UNIVERSITY COLLEGE, GHANA - MAIN LIBRARY Law Library 19/06/2023 KD1629.6.M37(3e) 2949/118/23 19/06/2023 1 19/06/2023 Books
    Library of Congress Classification     WISCONSIN INTERNATIONAL UNIVERSITY COLLEGE, GHANA KUMASI LIBRARY WISCONSIN INTERNATIONAL UNIVERSITY COLLEGE, GHANA KUMASI LIBRARY Law Library 05/06/2023 KD1629.6.M37(3e) KSL/2227/430/23 19/06/2023 1 19/06/2023 Books
    Library of Congress Classification     WISCONSIN INTERNATIONAL UNIVERSITY COLLEGE, GHANA KUMASI LIBRARY WISCONSIN INTERNATIONAL UNIVERSITY COLLEGE, GHANA KUMASI LIBRARY Law Library 05/06/2023 KD1629.6.M371(3e) KSL/2228/431/23 19/06/2023 2 19/06/2023 Books

If you have any concerns or questions; kindly contact the library


© Powered by WIUC ICT DIRECTORATE